India's globalization : (Record no. 4777)

MARC details
000 -LEADER
fixed length control field 00637 a2200181 4500
010 ## - LCCN (DPL NO)
LC control number ENG-86547
020 ## - INTERNATIONAL STANDARD BOOK NUMBER
International Standard Book Number 9788178297583
Terms of availability 225.00
035 ## - SYSTEM CONTROL NUMBER
System control number EN-70080
037 ## - SOURCE OF ACQUISITION
Source of stock number/acquisition DBAD / PUB
082 ## - DEWEY DECIMAL CLASSIFICATION NUMBER
Classification number 337.54
100 ## - MAIN ENTRY--PERSONAL NAME
Personal name Nayar, Baldev Raj
245 ## - TITLE STATEMENT
Title India's globalization :
Statement of responsibility, etc by Baldev Raj Nayar
Remainder of title evaluating the economic consequences /
260 ## - PUBLICATION, DISTRIBUTION, ETC. (IMPRINT)
Place of publication, distribution, etc New Delhi
Name of publisher, distributor, etc Vistaar Publications
Date of publication, distribution, etc 2007
270 ## - ADDRESS
Address B1/11, Mohan Cooperative Industrial Area, Mathura Road
City New Delhi
Postal code 110 044
300 ## - PHYSICAL DESCRIPTION
Extent vi, 97p
Dimensions 24cm. (pbk)
500 ## - GENERAL NOTE
General note Includes bibliograpgical references and index
942 ## - ADDED ENTRY ELEMENTS (KOHA)
Institution code [OBSOLETE] dpl
Item type English Books
Source of classification or shelving scheme Dewey Decimal Classification
Classification part 337.54
Call number suffix NAY
Holdings
Withdrawn status Lost status Not for loan Collection code Home library Current library Source of acquisition Cost, normal purchase price Full call number Barcode Copy number Cost, replacement price Koha item type
    Not For Loan Non-fiction D.B.Act.Division D.B.Act.Division DBAD/PUB 225.00 337.54 NAY EN-70080 1 225.00 English Books

© Delhi Public Library
Hit Counter
free hit counter